<?xml version="1.0" encoding="UTF-8"?>
<collection xmlns="http://www.loc.gov/MARC21/slim">
  <record>
    <leader>00000nam  2200000   4500</leader>
    <controlfield tag="001">INLIS000000000000164</controlfield>
    <controlfield tag="005">20190510093045</controlfield>
    <datafield tag="035" ind1="#" ind2="#">
      <subfield code="a">0010-0718000164</subfield>
    </datafield>
    <controlfield tag="008">190510################g##########0#ind##</controlfield>
    <datafield tag="020" ind1="#" ind2="#">
      <subfield code="a">9794207659</subfield>
    </datafield>
    <datafield tag="041" ind1=" " ind2=" ">
      <subfield code="a">id</subfield>
    </datafield>
    <datafield tag="082" ind1="#" ind2="#">
      <subfield code="a">342.06</subfield>
    </datafield>
    <datafield tag="090" ind1=" " ind2=" ">
      <subfield code="a">342.06 HUK</subfield>
    </datafield>
    <datafield tag="100" ind1=" " ind2="#">
      <subfield code="a">Hadjon, Philipus M.</subfield>
    </datafield>
    <datafield tag="700" ind1=" " ind2="#">
      <subfield code="a">Djatmiati, Tatiek Sri</subfield>
    </datafield>
    <datafield tag="245" ind1="1" ind2="#">
      <subfield code="a">Hukum administrasi dan tindak pidana korupsi /</subfield>
      <subfield code="c">Philipus M. Hardjon</subfield>
    </datafield>
    <datafield tag="250" ind1="#" ind2="#">
      <subfield code="a">Cet.2</subfield>
    </datafield>
    <datafield tag="260" ind1="#" ind2="#">
      <subfield code="a">Yogyakarta :</subfield>
      <subfield code="b">Gajah Mada Univerity Press,</subfield>
      <subfield code="c">2012</subfield>
    </datafield>
    <datafield tag="300" ind1="#" ind2="#">
      <subfield code="a">vi, 132 hlm. :</subfield>
      <subfield code="b">ilus ;</subfield>
      <subfield code="c">21 cm</subfield>
    </datafield>
    <datafield tag="650" ind1=" " ind2="#">
      <subfield code="a">Hukum - Administrasi</subfield>
    </datafield>
    <datafield tag="084" ind1="#" ind2="#">
      <subfield code="a">342.06 Huk</subfield>
    </datafield>
    <datafield tag="505" ind1="#" ind2="#">
      <subfield code="a">Peran hukum administrasi tidak bisa diabaikan dalam kaitannya dengan tindak pidana korupsi, baik dari segi preventif maupun represif. Instrumen hukum yang utama untuk mewujudkan pemerintahan yang bersih adalah hukum administrasi. Dengan demikian peran hukum administrasilah yang diharapkan untuk mencegah korupsi, karena korupsi berkaitan dengan penggunaan wewenang. Oleh karena itu pemahaman akan hukum administrasi dan pembangunan hukum administrasi mutlak diperlukan. Kenyataan menunjukkan saat ini pemahaman hukum administrasi masih sangat minim dan bahkan banyak yang salah mengartikan hukum administrasi. Demikian juga pembangunan hukum administrasi nampaknya tidak sistematis dan tidak fundamental. Penanganan tindak pidana korupsi masih lebih fokus pada aspek hukum pidana, dan sedikit sekali perhatian terhadap hukum administrasi. Buku ini memaparkan konsep dasar hukum administrasi dan kisi-kisi hukum administrasi. Kisi-kisi tersebut meliputi: konsep-konsep tentang wewenang, deskripsi, tanggung jawab jabatan dan tanggung jawab pribadi serta konsep penyalahgunaan wewenang.</subfield>
    </datafield>
    <datafield tag="856" ind1="#" ind2="#">
      <subfield code="a">Perpustakaan Lembaga Administrasi Negara</subfield>
    </datafield>
    <datafield tag="990" ind1="#" ind2="#">
      <subfield code="a">141217129</subfield>
    </datafield>
    <datafield tag="990" ind1="#" ind2="#">
      <subfield code="a">141217130</subfield>
    </datafield>
    <datafield tag="990" ind1="#" ind2="#">
      <subfield code="a">141217129</subfield>
    </datafield>
    <datafield tag="990" ind1="#" ind2="#">
      <subfield code="a">141217130</subfield>
    </datafield>
    <datafield tag="990" ind1="#" ind2="#">
      <subfield code="a">141217130</subfield>
    </datafield>
    <datafield tag="990" ind1="#" ind2="#">
      <subfield code="a">141217129</subfield>
    </datafield>
  </record>
</collection>
